Normal view
MARC view
Entry Topical Term
001 - CONTROL NUMBER
- control field: 20468
003 - CONTROL NUMBER IDENTIFIER
- control field: dpl
005 - DATE AND TIME OF LATEST TRANSACTION
- control field: 20100917113947.0
008 - FIXED-LENGTH DATA ELEMENTS
- fixed length control field: 100917|||a|||||| | ||| d
040 ## - CATALOGING SOURCE
- Original cataloging agency: dpl
- Transcribing agency: dpl
150 ## - HEADING--TOPICAL TERM
- Topical term or geographic name as entry element: Agriculture
- General subdivision: Banana Cultivation
670 ## - SOURCE DATA FOUND
- Source citation: Work cat.: (dpl): ठोंबरे,शिवाजीराव 20466, केळी लागवड :, 2010
670 ## - SOURCE DATA FOUND
- Source citation: Work cat.: (dpl): ठोंबरे,शिवाजीराव 20466, केळी लागवड :, 2010
